000 01114nam0a22002411 4500
001 rc\2219075
005 20260407122521.0
035 _a(NLR Aleph) 006494911
090 _a6171120
_c6171120
100 _a20110829d1978 |||y0rusy50 ca
101 0 _arus
102 _aRU
105 _ay z |||||
200 1 _aРуководители школ и школьных методических объединений по контролю за работой словесника над материалами XXV съезда КПСС
_fДаг. ин-т усовершенствования учителей. Каб. рус., род. яз. и лит.
_g[Сост. Моллаева Н.А.]
210 _aМахачкала
_cБ. и.
_d1978
215 _a7 с.
_d20
702 1 _aМоллаева
_bН.А.
_4220
712 0 2 _aДагестанский республиканский институт усовершенствования учителей
_cМахачкала
_3RU\NLR\AUTH\889959292
_9414744
801 0 _aRU
_bNLR
_gpsbo
801 1 _aRU
_bELAR
_2rusmarc
852 _aNLR
_j79-4/20254
942 _cBOOK
980 _aNB